Statistics for Movies Set in Boston

Click here to take the quiz!

General Stats

  • This quiz has been taken 8,421 times
  • The average score is 8 of 15

Answer Stats

DescriptionMovie / TV Show% Correct
Man and his talking teddy bear are thunder buddies for lifeTed
95%
Socially unpopular but brilliant computer programmer starts a famous websiteThe Social Network
79%
Former baseball player runs a bar where everybody knows your nameCheers
75%
Brilliant but troubled janitor solves impossible math problems and gets girls numbers.
How do you like them apples?
Good Will Hunting
75%
Harvard law student is a brilliant legal mind despite acting like a total ditzLegally Blonde
64%
Policeman infiltrates the mob. Meanwhile a criminal mole infiltrates the policeThe Departed
61%
At age 16, a girl discovers that she has witch powersSabrina, the
Teenage Witch
57%
A team of MIT students count cards21
56%
Anorexic lawyer finds humor and romance at a Boston law firm Ally McBeal
51%
Spin-off of the above show, starring James SpaderBoston Legal
46%
Village girls create a witch hunt in this movie version of an Arthur Miller playThe Crucible
35%
Irish Catholic brothers become vigilantes after killing Russian
mobsters in self defense
The Boondock Saints
32%
Three teenagers work at a pizza place (two are guys and one is a girl)Two Guys and a Girl
27%
Legal drama that had some crossover with the above showThe Practice
17%
Mad scientist and son investigate crazy things happening in a parallel universeFringe
14%

Score Distribution

Percentile by Number Answered

Percent of People with Each Score

Your Score History

You have not taken this quiz